000 00460nam a22001457a 4500
999 _c134227
_d134227
005 20240530091539.0
008 240530b ||||| |||| 00| 0 eng d
040 _cPK-LaUMT
082 _aAPC 297.27
_bKHA-I
100 _aKhalid Alavi = خالد علوی
245 _aIslam ka moasharti nazam = اسلام کا معاشرتی نظام /
_cby Khalid Alavi = خالد علوی
260 _aLahore :
_bMakatul Ilmiya,
_c1978
300 _a380 p.
942 _cBK